000
00313nam a2200121Ia 4500
008
220217s9999||||xx |||||||||||||| ||und||
082
_a
510 RAO
100
_a
Rao, Srinivasa
245
0
_a
Text book of mathematics
260
_a
Exelent publication
_b
Bangalore
_c
2004
300
_b
231
650
_a
MATHEMATICS
999
_c
173131
_d
173131